Normal view
MARC view
Entry Personal Name
001 - CONTROL NUMBER
- control field: 13059
003 - CONTROL NUMBER IDENTIFIER
- control field: ARRUPE
005 - DATE AND TIME OF LATEST TRANSACTION
- control field: 20141202174732.0
008 - FIXED-LENGTH DATA ELEMENTS
- fixed length control field: 141202|| aca||aabn | a|a d
040 ## - CATALOGING SOURCE
- Original cataloging agency: ARRUPE
- Transcribing agency: ARRUPE
100 ## - HEADING--PERSONAL NAME
- Personal name: O'Hara, Frank
670 ## - SOURCE DATA FOUND
- Source citation: Work cat.: (ARRUPE): O'Hara, Frank, Jesus Christ After Two Thousand Years, 2002